[Event "Nacional de Máxima"]
[Site "?"]
[Date "2011.10.27"]
[Round "9"]
[White "Piñero, Carlos"]
[Black "Martínez, Pedro"]
[Result "0-1"]
[WhiteElo "2091"]
[BlackElo "2236"]
[Annotator "OT y DG"]
[PlyCount "90"]
[EventDate "2011.??.??"]

1. Nf3 c5 2. g3 Nc6 3. Bg2 g6 4. O-O Bg7 5. c4 Nf6 6. Nc3 O-O 7. d4 cxd4 8.
Nxd4 Nxd4 9. Qxd4 d6 10. Qd2 Be6 11. Bxb7 Rb8 12. Bg2 Bxc4 13. b3 Be6 14. Bb2
Qa5 15. Rfd1 Rfc8 16. Rac1 h5 17. h4 Kh7 18. Na4 Qxd2 19. Rxd2 Bh6 20. e3 Rxc1+
21. Bxc1 Rc8 22. Bb2 Ng4 23. Kf1 Bg7 24. Ba3 Bd7 25. Be4 Bb5+ 26. Kg2 Bxa4 27.
bxa4 Rc3 28. Bb2 Rc4 29. Bd5 Rxa4 30. Bxf7 Bxb2 31. Rxb2 Kg7 32. Bb3 Ra5 33.
Rc2 Ne5 34. f4 Nd3 35. Rc7 Kf6 36. Rc8 e6 37. Rc6 d5 38. e4 Nb4 39. e5+ Kf5 40.
Kf3 Ra3 41. Rc7 g5 42. hxg5 Nxa2 43. Rf7+ Kg6 44. Rf6+ Kg7 45. Rxe6 Rxb3+ 0-1

[Event "Nacional de Máxima"]
[Site "?"]
[Date "2011.10.27"]
[Round "10"]
[White "Gutiérrez, Leonela"]
[Black "Otazo, Annyd"]
[Result "1-0"]
[WhiteElo "2045"]
[BlackElo "1953"]
[Annotator "OT y DG"]
[PlyCount "137"]
[EventDate "2011.??.??"]

1. e4 e5 2. Bc4 Nf6 3. d3 d5 4. exd5 Nxd5 5. Nf3 Nc6 6. O-O Be7 7. Re1 O-O 8.
c3 Bg4 9. Bb3 Kh8 10. Bc2 f5 11. Nbd2 Nf6 12. h3 Bh5 13. Qe2 Bd6 14. Qf1 Rb8
15. a4 a5 16. Nh2 Bc5 17. Nc4 e4 18. dxe4 fxe4 19. Be3 Bxe3 20. Rxe3 Bg6 21.
Rd1 Nd5 22. Rg3 e3 23. Nxe3 Nxe3 24. Rxe3 Qg5 25. Bxg6 Qxg6 26. Qd3 Qf7 27. Qe2
Rbd8 28. Rxd8 Rxd8 29. Nf3 h6 30. Ne5 Nxe5 31. Rxe5 Qf4 32. Re4 Rd1+ 33. Qxd1
Qxe4 34. Qd8+ Kh7 35. Qxc7 Qe1+ 36. Kh2 Qxf2 37. Qxb7 Qf4+ 38. g3 Qxa4 39. Qg2
Qc4 40. Qc2+ g6 41. b3 Qc5 42. c4 Kg7 43. Qc3+ Kh7 44. Kg2 h5 45. h4 Qa3 46.
Qe3 Qb2+ 47. Kf3 Qf6+ 48. Ke4 Qf5+ 49. Kd4 Qf6+ 50. Kc5 Qa6 51. Qe7+ Kh8 52.
Qd8+ Kg7 53. Qc7+ Kg8 54. Qb6 Qc8+ 55. Kb5 Qg4 56. Qb8+ Kg7 57. Kxa5 Qf3 58. c5
Qd5 59. b4 Kf7 60. Kb6 Qb3 61. b5 Kf6 62. Qf4+ Ke6 63. Qd6+ Kf5 64. c6 Qe3+ 65.
Qc5+ Qxc5+ 66. Kxc5 Kg4 67. c7 Kxg3 68. c8=Q Kxh4 69. b6 1-0

[Event "Nacional de Máxima"]
[Site "?"]
[Date "2011.10.27"]
[Round "10"]
[White "Ubaldo, María"]
[Black "Rovira, Tairú"]
[Result "1-0"]
[WhiteElo "2072"]
[BlackElo "1972"]
[Annotator "OT y DG"]
[PlyCount "65"]
[EventDate "2011.??.??"]

1. d4 Nf6 2. Nf3 e6 3. Bg5 c5 4. c3 d5 5. Nbd2 Nbd7 6. e3 Be7 7. Bd3 O-O 8. O-O
b6 9. Rb1 Bb7 10. Qc2 h6 11. Bh4 Rc8 12. Ne5 Nxe5 13. dxe5 Ng4 14. Bg3 Qc7 15.
Nf3 h5 16. h3 Nh6 17. Bf4 c4 18. Be2 Nf5 19. g4 hxg4 20. hxg4 Nh4 21. Nxh4 Bxh4
22. Rbd1 Be7 23. Bg3 g6 24. f4 Bc5 25. Kf2 Qc6 26. Bf3 Qd7 27. Bh4 Be7 28. Bf6
Bxf6 29. exf6 e5 30. g5 Qe6 31. Rh1 exf4 32. exf4 Rfe8 33. Kg3 1-0

[Event "Nacional de Máxima"]
[Site "?"]
[Date "2011.10.27"]
[Round "10"]
[White "Osorio, Intiñusta"]
[Black "Sequeda, Nancy"]
[Result "1/2-1/2"]
[WhiteElo "1861"]
[BlackElo "2067"]
[Annotator "OT y DG"]
[PlyCount "91"]
[EventDate "2011.??.??"]

1. e4 e5 2. d4 exd4 3. Nf3 Nc6 4. Nxd4 Nf6 5. Nxc6 bxc6 6. Bd3 d5 7. e5 Ng4 8.
O-O Bc5 9. Qe2 Qe7 10. Bf4 g5 11. Bd2 Nxe5 12. Re1 Nxd3 13. Qxd3 Be6 14. Qc3
O-O 15. Bxg5 Qxg5 16. Qxc5 Bh3 17. g3 Rae8 18. Na3 Qf6 19. Qc3 d4 20. Qd3 c5
21. f3 Bf5 22. Qf1 Qc6 23. g4 Be6 24. Kf2 Bd5 25. Qd3 Qd6 26. Kg1 Qf4 27. Qf5
Qxf5 28. gxf5 Bxf3 29. Kf2 Be4 30. f6 Re6 31. Kg3 Rfe8 32. Rf1 Kh8 33. Rf4 Rg8+
34. Rg4 Rxf6 35. Rxg8+ Kxg8 36. Re1 Rf3+ 37. Kh4 f5 38. Re2 Kg7 39. Rd2 Rf4+
40. Kg3 Rf3+ 41. Kh4 Rf4+ 42. Kg3 Rf3+ 43. Kh4 Rf4+ 44. Kg3 Rf3+ 45. Kh4 Rf4+
46. Kg3 1/2-1/2

[Event "Nacional de Máxima"]
[Site "?"]
[Date "2011.10.27"]
[Round "10"]
[White "Montilla, Jorcerys"]
[Black "Aponte, Oriana"]
[Result "1/2-1/2"]
[WhiteElo "2008"]
[BlackElo "1885"]
[Annotator "OT y DG"]
[PlyCount "43"]
[EventDate "2011.??.??"]

1. d4 Nf6 2. c4 g6 3. Nc3 d5 4. Bf4 Bg7 5. Rc1 O-O 6. Nf3 c5 7. e3 cxd4 8. exd4
dxc4 9. Bxc4 Bg4 10. d5 Nbd7 11. O-O Nh5 12. Be3 Bxf3 13. Qxf3 Ne5 14. Qe2 Nxc4
15. Qxc4 Rc8 16. Qb3 Qd7 17. Bxa7 Nf4 18. Be3 Nxg2 19. Kxg2 Qg4+ 20. Kh1 Qf3+
21. Kg1 Qg4+ 22. Kh1 1/2-1/2

[Event "Nacional de Máxima"]
[Site "?"]
[Date "2011.10.27"]
[Round "10"]
[White "Varela, Tilsia"]
[Black "Durán, Luisa"]
[Result "1/2-1/2"]
[WhiteElo "1993"]
[BlackElo "2025"]
[Annotator "OT y DG"]
[PlyCount "102"]
[EventDate "2011.??.??"]

1. e4 d6 2. d4 Nf6 3. Nc3 g6 4. Be3 Bg7 5. Qd2 Nc6 6. f3 e5 7. Bb5 exd4 8.
Bxc6+ bxc6 9. Bxd4 O-O 10. Nge2 Qe7 11. O-O Ba6 12. Rfe1 Bxe2 13. Rxe2 Nd7 14.
Bxg7 Kxg7 15. Rae1 Qe5 16. f4 Qc5+ 17. Kh1 f6 18. Re3 Nb6 19. b3 d5 20. exd5
cxd5 21. Re7+ Rf7 22. Rxf7+ Kxf7 23. f5 Re8 24. fxg6+ hxg6 25. Rf1 Qe3 26. Qxe3
Rxe3 27. Nb5 c6 28. Nxa7 Rc3 29. Rf2 d4 30. h3 Ke6 31. a4 Kd7 32. Rd2 d3 33.
Rxd3+ Rxd3 34. cxd3 Kc7 35. Kg1 Nd5 36. Kf2 Nf4 37. d4 Kb7 38. Kf3 Ne6 39. d5
Ng5+ 40. Kg4 Kxa7 41. dxc6 Kb6 42. h4 Ne6 43. h5 gxh5+ 44. Kxh5 Nf4+ 45. Kg4
Nxg2 46. Kf5 Ne3+ 47. Kxf6 Nc2 48. Ke5 Kxc6 49. Ke4 Kb6 50. Kd3 Nb4+ 51. Kc4
Ka5 1/2-1/2

[Event "Nacional de Máxima"]
[Site "?"]
[Date "2011.10.27"]
[Round "10"]
[White "Castellanos, Arianny"]
[Black "Hernández, Zaida"]
[Result "0-1"]
[WhiteElo "1802"]
[BlackElo "2008"]
[Annotator "OT y DG"]
[PlyCount "74"]
[EventDate "2011.??.??"]

1. e4 c5 2. c3 d6 3. d4 Nf6 4. Bd3 Nc6 5. Bc2 Qc7 6. h3 cxd4 7. cxd4 Nb4 8.
Ba4+ Bd7 9. Bxd7+ Nxd7 10. Nc3 Qc4 11. Nge2 Nd3+ 12. Kf1 e5 13. b3 Qa6 14. Nd5
Rc8 15. Be3 Nb6 16. Nxb6 axb6 17. g3 Be7 18. Kg2 O-O 19. dxe5 dxe5 20. Bxb6
Qxb6 21. Qxd3 Bc5 22. Qf3 Rc6 23. Rhf1 Rf6 24. Qc3 Re8 25. Rac1 Rc6 26. Qb2 Qa6
27. a4 Qd3 28. Qc2 Qa6 29. Qc4 Qb6 30. Qd5 h6 31. Rc4 Rec8 32. Qxe5 Qxb3 33.
Rfc1 Bd6 34. Rxc6 Bxe5 35. Rxc8+ Kh7 36. R8c4 Qd3 37. Nc3 Qxc4 0-1

[Event "Nacional de Máxima"]
[Site "?"]
[Date "2011.10.27"]
[Round "10"]
[White "Díaz, José"]
[Black "Martínez, Pedro"]
[Result "1/2-1/2"]
[WhiteElo "2109"]
[BlackElo "2236"]
[Annotator "OT y DG"]
[PlyCount "105"]
[EventDate "2011.??.??"]

1. d4 d5 2. Nf3 c5 3. e3 Nc6 4. c3 Nf6 5. dxc5 a5 6. Bb5 Bd7 7. O-O e6 8. b4
Be7 9. Bb2 O-O 10. a3 Qc7 11. Nbd2 e5 12. Bxc6 bxc6 13. c4 e4 14. Ne5 Be6 15.
cxd5 Bxd5 16. Qc2 Qb7 17. Bc3 axb4 18. axb4 Qb5 19. h3 h5 20. Rfd1 Rfe8 21. Nb3
Rxa1 22. Rxa1 Bd8 23. Nd4 Qb7 24. Nf5 Bc7 25. Qb2 Qb8 26. f4 exf3 27. Nxf3 Bxf3
28. gxf3 Be5 29. Bxe5 Rxe5 30. e4 Rxc5 31. Qg2 Rxf5 32. exf5 Qxb4 33. Kh1 Qf4
34. Rg1 Ne8 35. Qe2 Nd6 36. f6 Qxf6 37. Qe3 Qh4 38. Kh2 Nf5 39. Qe8+ Kh7 40.
Qxc6 Qf4+ 41. Kh1 g6 42. Qe4 Ng3+ 43. Rxg3 Qxg3 44. h4 Qh3+ 45. Kg1 Qf5 46.
Qxf5 gxf5 47. f4 Kg6 48. Kf2 Kf6 49. Ke3 Ke6 50. Kd4 Kd6 51. Kc4 Kc6 52. Kd4
Kd6 53. Kc4 1/2-1/2

[Event "Nacional de Máxima"]
[Site "?"]
[Date "2011.10.27"]
[Round "10"]
[White "Gascón, José"]
[Black "Piñero, Carlos"]
[Result "0-1"]
[WhiteElo "2163"]
[BlackElo "2091"]
[Annotator "OT y DG"]
[PlyCount "47"]
[EventDate "2011.??.??"]

1. e4 c5 2. Nf3 d6 3. d4 cxd4 4. Nxd4 Nf6 5. Nc3 g6 6. Be3 Bg7 7. f3 a6 8. a4
Nc6 9. Be2 Bd7 10. Nb3 O-O 11. O-O Na5 12. Qd2 Nxb3 13. cxb3 Be6 14. b4 Rc8 15.
b5 Bc4 16. Rfc1 Qd7 17. bxa6 bxa6 18. Bd4 Qe6 19. Rab1 Bxe2 20. Qxe2 Rc4 21.
Bxf6 Bxf6 22. Nd5 Rxa4 23. b3 Ra5 24. Rc6 0-1

[Event "Nacional de Máxima"]
[Site "?"]
[Date "2011.10.27"]
[Round "10"]
[White "Soto, Oliver"]
[Black "Ynojosa, Félix"]
[Result "0-1"]
[WhiteElo "2357"]
[BlackElo "2294"]
[Annotator "OT y DG"]
[PlyCount "74"]
[EventDate "2011.??.??"]

1. e4 c5 2. Nf3 Nc6 3. d4 cxd4 4. Nxd4 e5 5. Nb5 d6 6. N1c3 a6 7. Na3 b5 8. Nd5
Nce7 9. Bg5 Rb8 10. c4 b4 11. Nc2 a5 12. Bd3 h6 13. Bd2 Nxd5 14. cxd5 Nf6 15.
a3 b3 16. Ne3 Nd7 17. Nc4 a4 18. Bb4 Nc5 19. O-O Nxd3 20. Qxd3 Be7 21. Na5 Bd7
22. Nc6 Bxc6 23. dxc6 O-O 24. Rac1 Qc7 25. Rfd1 Rfd8 26. Qc4 Rdc8 27. Rd5 Rb6
28. f4 Rxc6 29. Qxc6 Qa7+ 30. Bc5 Rxc6 31. Bxa7 Rxc1+ 32. Kf2 Rc2+ 33. Kf3 Rxb2
34. Ra5 Ra2 35. Rxa4 b2 36. Rb4 Rxa3+ 37. Be3 exf4 0-1

[Event "Nacional de Máxima"]
[Site "?"]
[Date "2011.10.27"]
[Round "10"]
[White "Brizuela, Reivis"]
[Black "Boada, Wiston"]
[Result "0-1"]
[WhiteElo "2125"]
[BlackElo "2235"]
[Annotator "OT y DG"]
[PlyCount "64"]
[EventDate "2011.??.??"]

1. d4 g6 2. c4 Bg7 3. Nc3 c5 4. d5 Bxc3+ 5. bxc3 Qa5 6. Bd2 f5 7. g4 fxg4 8. h3
g3 9. fxg3 Nf6 10. Nf3 Ne4 11. Rg1 d6 12. Qc2 Nxd2 13. Kxd2 Nd7 14. e4 O-O 15.
Be2 b5 16. cxb5 a6 17. a4 Nb6 18. Ke3 axb5 19. axb5 Qxa1 20. Rxa1 Rxa1 21. g4
Rh1 22. Kf2 Bd7 23. Kg3 Ra1 24. Qd2 Ra3 25. Qc1 Ra2 26. Bd1 Bxb5 27. Qb1 Ra5
28. h4 Nc4 29. h5 gxh5 30. Qc1 Rf7 31. Ng5 h4+ 32. Kxh4 Rf1 {Tiempo} 0-1

[Event "Nacional de Máxima"]
[Site "?"]
[Date "2011.10.27"]
[Round "10"]
[White "Castro, José"]
[Black "Prasca, Rafael"]
[Result "0-1"]
[WhiteElo "2129"]
[BlackElo "2429"]
[Annotator "OT y DG"]
[PlyCount "94"]
[EventDate "2011.??.??"]

1. e4 c5 2. Nf3 Nc6 3. d4 cxd4 4. Nxd4 Nf6 5. Nc3 d6 6. Bg5 Bd7 7. Qd2 Qa5 8.
Nb3 Qc7 9. O-O-O a6 10. f4 e6 11. Bd3 Be7 12. Kb1 h6 13. Bh4 Nxe4 14. Nxe4 Bxh4
15. Qc3 O-O 16. Nxd6 Be7 17. Be4 Bxd6 18. Qd3 Bxf4 19. Qxd7 Qb6 20. Bxc6 bxc6
21. Qd4 Qc7 22. g3 Be5 23. Qc4 a5 24. Nc5 Rfd8 25. c3 Rd5 26. Rd3 Bd6 27. Ne4
Be7 28. Rhd1 Qb6 29. g4 Rb8 30. b3 Rbd8 31. Rd4 Qc7 32. Ng3 Bd6 33. R1d3 Bxg3
34. Rxg3 Rxd4 35. cxd4 Qf4 36. Qxc6 Qxd4 37. Qc3 Qf2 38. Rd3 Qf1+ 39. Kc2 Qe2+
40. Rd2 Qxd2+ 41. Qxd2 Rxd2+ 42. Kxd2 Kf8 43. Kd3 f5 44. a4 Ke7 45. gxf5 exf5
46. Ke3 g5 47. h3 Kd6 0-1

[Event "Nacional de Máxima"]
[Site "?"]
[Date "2011.10.28"]
[Round "11"]
[White "Hernández, Zaida"]
[Black "Gutiérrez, Leonela"]
[Result "1-0"]
[WhiteElo "2008"]
[BlackElo "2045"]
[Annotator "OT y DG"]
[PlyCount "105"]
[EventDate "2011.??.??"]

1. e4 c5 2. Nf3 d6 3. d4 cxd4 4. Qxd4 a6 5. Be3 Nc6 6. Qd2 Nf6 7. Nc3 e6 8.
O-O-O Qc7 9. Bf4 e5 10. Bg5 Be6 11. Bxf6 gxf6 12. Nd5 Bxd5 13. exd5 Nb8 14. Nh4
Nd7 15. Nf5 O-O-O 16. Kb1 Kb8 17. h4 Nc5 18. h5 Rg8 19. f3 Rg5 20. g4 Rc8 21.
Rc1 Qb6 22. c4 Na4 23. Qc2 Nc5 24. Be2 Re8 25. Ka1 Rg8 26. Rhg1 Be7 27. Nh6 Rg7
28. Nf5 Rgg8 29. Nxe7 Rxe7 30. Qxh7 Rc8 31. Qc2 Ree8 32. Rh1 Qc7 33. h6 Rh8 34.
Bd3 Qe7 35. Bf5 Rce8 36. b4 Nd7 37. c5 Nf8 38. c6 bxc6 39. Qxc6 Ka7 40. Qc7+
Ka8 41. Qc6+ Ka7 42. Qc7+ Ka8 43. Rc6 Qxc7 44. Rxc7 Nh7 45. Bd7 Rd8 46. Bc6+
Kb8 47. Rxf7 Rdf8 48. Rb7+ Kc8 49. Rc1 Ng5 50. Ra7 Nxf3 51. Rxa6 e4 52. b5 e3
53. b6 1-0

[Event "Nacional de Máxima"]
[Site "?"]
[Date "2011.10.28"]
[Round "11"]
[White "Durán, Luisa"]
[Black "Castellanos, Arianny"]
[Result "1/2-1/2"]
[WhiteElo "2025"]
[BlackElo "1802"]
[Annotator "OT y DG"]
[PlyCount "96"]
[EventDate "2011.??.??"]

1. d4 d5 2. Nf3 Nf6 3. c4 c6 4. e3 e6 5. Nc3 Nbd7 6. Bd3 dxc4 7. Bxc4 b5 8. Bd3
Bd6 9. Qc2 Bb7 10. Ng5 Qe7 11. Nge4 Nxe4 12. Nxe4 Bb4+ 13. Bd2 O-O 14. Bxb4
Qxb4+ 15. Qc3 Qxc3+ 16. bxc3 Rfd8 17. Nd6 Rab8 18. a4 Nf6 19. Ne4 Nxe4 20. Bxe4
c5 21. Bxb7 Rxb7 22. axb5 Rxb5 23. Ke2 cxd4 24. exd4 a5 25. Rhb1 Rxb1 26. Rxb1
Kf8 27. Ke3 Ra8 28. Kd3 Ke7 29. Rb7+ Kf6 30. Kc2 a4 31. Kb2 Ra5 32. Ka3 e5 33.
Kb4 a3 34. dxe5+ Kg5 35. f4+ Kh5 36. Kxa5 a2 37. Rxf7 a1=Q+ 38. Kb4 Qb2+ 39.
Kc5 Qxc3+ 40. Kd6 Qd2+ 41. Ke7 Qxg2 42. e6 Qb7+ 43. Kf8 Qc8+ 44. Ke7 Qc7+ 45.
Ke8 Qc6+ 46. Ke7 Qc7+ 47. Kf8 Qc8+ 48. Ke7 Qc7+ 1/2-1/2

[Event "Nacional de Máxima"]
[Site "?"]
[Date "2011.10.28"]
[Round "11"]
[White "Aponte, Oriana"]
[Black "Varela, Tilsia"]
[Result "0-1"]
[WhiteElo "1885"]
[BlackElo "1993"]
[Annotator "OT y DG"]
[PlyCount "118"]
[EventDate "2011.??.??"]

1. e4 e5 2. Nf3 Nc6 3. d4 exd4 4. Nxd4 Qh4 5. Nc3 Bb4 6. Be2 Qxe4 7. Ndb5 Bxc3+
8. bxc3 Kd8 9. O-O Nge7 10. Bd3 Qh4 11. Re1 a6 12. Re4 Qf6 13. Rf4 Qe5 14. Nd4
f6 15. Re4 Qd6 16. a4 f5 17. Nxc6+ Qxc6 18. Rc4 Qf6 19. Bf4 d6 20. Qd2 h6 21.
Rb1 g5 22. Be3 Nc6 23. Rxc6 bxc6 24. Bd4 Qf8 25. Bxh8 Qxh8 26. f4 Qf6 27. Re1
Bd7 28. Qe3 c5 29. a5 c6 30. Bc4 gxf4 31. Qf3 Kc7 32. Rb1 Qe5 33. Kf2 Qe3+ 34.
Qxe3 fxe3+ 35. Kxe3 Re8+ 36. Kf3 Bc8 37. Rb6 d5 38. Bxa6 Bxa6 39. Rxa6 d4 40.
cxd4 cxd4 41. Ra7+ Kd6 42. Rh7 Re3+ 43. Kf4 Re2 44. a6 Rxc2 45. a7 Ra2 46.
Rxh6+ Kd5 47. Rh7 c5 48. h4 d3 49. Rd7+ Kc4 50. Ke3 Re2+ 51. Kf3 Re8 52. h5 Kc3
53. h6 d2 54. h7 Kc2 55. g4 fxg4+ 56. Kxg4 d1=Q+ 57. Rxd1 Kxd1 58. Kg5 c4 59.
Kg6 Ra8 0-1

[Event "Nacional de Máxima"]
[Site "?"]
[Date "2011.10.28"]
[Round "11"]
[White "Sequeda, Nancy"]
[Black "Montilla, Jorcerys"]
[Result "0-1"]
[WhiteElo "2067"]
[BlackElo "2008"]
[Annotator "OT y DG"]
[PlyCount "60"]
[EventDate "2011.??.??"]

1. e4 c5 2. Nf3 Nc6 3. d4 cxd4 4. Nxd4 Nf6 5. Nc3 e5 6. Nxc6 bxc6 7. Bc4 Rb8 8.
O-O Be7 9. Bb3 O-O 10. Be3 Qc7 11. Qe2 d6 12. h3 Be6 13. f4 exf4 14. Bxf4 Qa5
15. Rad1 Rfe8 16. Kh1 Qb4 17. Rd2 Bf8 18. Re1 c5 19. Qf3 c4 20. Ba4 Red8 21. b3
cxb3 22. cxb3 Rbc8 23. Rd3 d5 24. Re2 Rxc3 25. Rxc3 dxe4 26. Qe3 Nd5 27. Rc4
Nxe3 28. Rxb4 Rd1+ 29. Kh2 Nf1+ 30. Kh1 Bxb4 0-1

[Event "Nacional de Máxima"]
[Site "?"]
[Date "2011.10.28"]
[Round "11"]
[White "Rovira, Tairú"]
[Black "Osorio, Intiñusta"]
[Result "1-0"]
[WhiteElo "1972"]
[BlackElo "1861"]
[Annotator "OT y DG"]
[PlyCount "95"]
[EventDate "2011.??.??"]

1. d4 d5 2. c4 e6 3. g3 Nf6 4. Bg2 c6 5. Nf3 Nbd7 6. O-O dxc4 7. a4 Bb4 8. Qc2
O-O 9. e4 Re8 10. Qxc4 Bf8 11. Nc3 e5 12. dxe5 Nxe5 13. Nxe5 Rxe5 14. Be3 Qe8
15. f4 Ng4 16. Bd4 Rh5 17. h3 Nf6 18. f5 c5 19. Bf2 Qe5 20. Rad1 b6 21. Ne2 a5
22. Rfe1 Ba6 23. Qb3 Bxe2 24. Rxe2 g5 25. g4 c4 26. Qf3 Rh6 27. Qe3 Bc5 28.
Qxg5+ Rg6 29. Qh4 Rg7 30. Bxc5 Qxc5+ 31. Qf2 Qxf2+ 32. Kxf2 Rf8 33. e5 Ne8 34.
Rc2 h5 35. Bf3 hxg4 36. hxg4 Rh7 37. Kg3 f6 38. e6 Rc7 39. Bd5 Kh8 40. Rh1+ Rh7
41. Rxh7+ Kxh7 42. e7 Rh8 43. Bxc4 Kg7 44. Bd5 Nd6 45. Rc6 Nc8 46. g5 fxg5 47.
f6+ Kh7 48. Be4+ 1-0

[Event "Nacional de Máxima"]
[Site "?"]
[Date "2011.10.28"]
[Round "11"]
[White "Otazo, Annyd"]
[Black "Ubaldo, María"]
[Result "0-1"]
[WhiteElo "1953"]
[BlackElo "2072"]
[Annotator "OT y DG"]
[PlyCount "116"]
[EventDate "2011.??.??"]

1. e4 c5 2. c3 d6 3. d4 Qc7 4. Nf3 Nd7 5. Bd3 g6 6. O-O Bg7 7. Be3 Ngf6 8. Re1
e5 9. Nbd2 O-O 10. Bb5 b6 11. Bxd7 Bxd7 12. dxe5 dxe5 13. Bg5 Bc6 14. Qc2 h6
15. Bh4 Nh5 16. Nc4 b5 17. Ne3 Qb7 18. Nd5 Bxd5 19. exd5 Qxd5 20. Rad1 Qe6 21.
Qb3 Qxb3 22. axb3 Rfe8 23. Rd7 g5 24. Bg3 Nxg3 25. hxg3 g4 26. Nh4 a5 27. Red1
a4 28. bxa4 bxa4 29. Nf5 Bf8 30. Ne3 h5 31. Nd5 Reb8 32. Rd2 a3 33. bxa3 Rb1+
34. Kh2 Rxa3 35. Ne3 Rxc3 36. Rd1 Rxd1 37. Nxd1 Rc2 38. Kg1 c4 39. Rd5 c3 40.
Ne3 Rd2 41. Rxd2 cxd2 42. Kf1 Bh6 43. Nd1 f5 44. Ke2 Kf7 45. Nc3 Ke6 46. Nb5
Kd5 47. Nc7+ Kd6 48. Ne8+ Ke7 49. Nc7 Bg5 50. Nd5+ Kd6 51. Nb6 f4 52. Nc4+ Kd5
53. gxf4 Kxc4 54. fxg5 Kc3 55. Kd1 h4 56. g6 h3 57. gxh3 gxh3 58. g7 h2 0-1

[Event "Nacional de Máxima"]
[Site "?"]
[Date "2011.10.28"]
[Round "11"]
[White "Prasca, Rafael"]
[Black "Díaz, José"]
[Result "1-0"]
[WhiteElo "2429"]
[BlackElo "2109"]
[Annotator "OT y DG"]
[PlyCount "125"]
[EventDate "2011.??.??"]

1. e4 d5 2. exd5 Qxd5 3. Nf3 Bg4 4. Be2 c6 5. d4 e6 6. h3 Bf5 7. O-O Bd6 8. c4
Qa5 9. c5 Be7 10. Bf4 Bxb1 11. Qb3 b5 12. Rfxb1 Nf6 13. Bd2 Qc7 14. a4 bxa4 15.
Qxa4 Nbd7 16. b4 O-O 17. b5 cxb5 18. Bxb5 Nxc5 19. dxc5 Bxc5 20. Rc1 Qb6 21.
Ba5 Qd6 22. Rxc5 Qxc5 23. Bb4 Qb6 24. Bxf8 Rxf8 25. Be2 Ra8 26. Ne5 Qb2 27. Bf3
Rc8 28. Nd3 Qd2 29. Rd1 Qg5 30. Qxa7 h6 31. Qe3 Qxe3 32. fxe3 Nd7 33. Rc1 Rd8
34. Rc7 f6 35. Nf4 Nf8 36. Bh5 e5 37. Ne6 Nxe6 38. Bf7+ Kh7 39. Bxe6 h5 40. h4
Kh6 41. e4 Rd6 42. Bd5 Rb6 43. Rc8 Rb4 44. Rh8+ Kg6 45. Rf8 Kh7 46. Kh2 Rd4 47.
Kh3 Rd3+ 48. g3 Rd2 49. Rd8 Re2 50. Bg8+ Kg6 51. Bc4 Rc2 52. Rc8 Rd2 53. Be6
Kh7 54. Rf8 Rd6 55. Bd5 Rb6 56. Kg2 Rb2+ 57. Kf3 Rc2 58. Bg8+ Kh6 59. Be6 Rc3+
60. Kg2 Rc2+ 61. Kh3 Kh7 62. Bf5+ g6 63. Rf7+ 1-0

[Event "Nacional de Máxima"]
[Site "?"]
[Date "2011.10.28"]
[Round "11"]
[White "Zavarce, Oscar"]
[Black "Castro, José"]
[Result "0-1"]
[WhiteElo "2214"]
[BlackElo "2129"]
[Annotator "OT y DG"]
[PlyCount "74"]
[EventDate "2011.??.??"]

1. e4 c5 2. Nf3 Nc6 3. d4 cxd4 4. Nxd4 Nf6 5. Nc3 e5 6. Ndb5 d6 7. Bg5 a6 8.
Bxf6 gxf6 9. Na3 b5 10. Nd5 Bg7 11. Bd3 Ne7 12. Nxe7 Qxe7 13. O-O O-O 14. c4 f5
15. Qf3 bxc4 16. Nxc4 d5 17. exd5 e4 18. Qe3 Bb7 19. d6 Qh4 20. g3 Qh3 21. Be2
Bh6 22. Qb3 Rab8 23. Ne3 Bg7 24. Qa3 Kh8 25. Rfd1 f4 26. gxf4 Rg8 27. Kh1 Qh4
28. Ng2 e3 29. f3 Qh3 30. Qxe3 Rbe8 31. Qf2 Rxe2 32. Qxe2 Bxf3 33. Qf2 Be5 34.
Rd2 Bxf4 35. Qd4+ Rg7 36. Qxf4 Rxg2 37. Qxf3 Qxh2# 0-1

[Event "Nacional de Máxima"]
[Site "?"]
[Date "2011.10.28"]
[Round "11"]
[White "Ynojosa, Félix"]
[Black "Brizuela, Reivis"]
[Result "1/2-1/2"]
[WhiteElo "2294"]
[BlackElo "2125"]
[Annotator "OT y DG"]
[PlyCount "41"]
[EventDate "2011.??.??"]

1. Nf3 Nf6 2. b3 e6 3. Bb2 b6 4. e3 Bb7 5. Be2 Be7 6. O-O O-O 7. c4 c5 8. d4 d5
9. dxc5 bxc5 10. Nc3 dxc4 11. Bxc4 Nbd7 12. Qe2 Qc8 13. Rfd1 Rd8 14. Rac1 Qc7
15. Ba6 Nb6 16. Bxb7 Qxb7 17. Ne5 Rac8 18. Rxd8+ Rxd8 19. Rd1 Rxd1+ 20. Qxd1 a6
21. h3 1/2-1/2

[Event "Nacional de Máxima"]
[Site "?"]
[Date "2011.10.28"]
[Round "11"]
[White "Piñero, Carlos"]
[Black "Soto, Oliver"]
[Result "1/2-1/2"]
[WhiteElo "2091"]
[BlackElo "2357"]
[Annotator "OT y DG"]
[PlyCount "62"]
[EventDate "2011.??.??"]

1. d4 Nf6 2. c4 g6 3. Nc3 Bg7 4. e4 d6 5. f3 O-O 6. Be3 c6 7. Qd2 e5 8. Nge2
Nbd7 9. d5 cxd5 10. cxd5 a5 11. O-O-O Nc5 12. Kb1 Bd7 13. Nc1 a4 14. Nd3 Qa5
15. Be2 Rfc8 16. a3 Nb3 17. Qe1 Ne8 18. Nb4 f5 19. Qf2 Nc5 20. Qf1 Nf6 21. Bb5
fxe4 22. Bxd7 Ncxd7 23. Nxe4 Nxe4 24. fxe4 Nc5 25. Qf3 Qb5 26. Bxc5 dxc5 27.
Qd3 Qd7 28. Nc2 b5 29. h4 Rf8 30. h5 c4 31. Qe3 Rf4 1/2-1/2

[Event "Nacional de Máxima"]
[Site "?"]
[Date "2011.10.28"]
[Round "11"]
[White "Martínez, Pedro"]
[Black "Gascón, José"]
[Result "1/2-1/2"]
[WhiteElo "2236"]
[BlackElo "2163"]
[Annotator "OT y DG"]
[PlyCount "24"]
[EventDate "2011.??.??"]

1. e4 c5 2. Nf3 d6 3. Bb5+ Nd7 4. d4 cxd4 5. Qxd4 Ngf6 6. O-O e5 7. Qd3 a6 8.
Bxd7+ Nxd7 9. c4 Nc5 10. Qe2 Be7 11. Nc3 Be6 12. Rd1 Qc8 1/2-1/2